000 01125cam a22002773a 4500
001 13508
003 PGUSA
005 20140828083305.0
008 040921s2004||||xxu|||||s|||||000 1 eng d
040 _aPGUSA
_beng
042 _adc
050 4 _aPT
100 1 _aLie, Jonas,
_d1833-1908
245 1 0 _aWeird Tales from Northern Seas
_h[electronic resource] /
_cJonas Lie
260 _bProject Gutenberg,
_c2004
505 0 _aThe fisherman and the draug -- Jack of Sjöhölm and the gan-finn -- Tug of war -- "The earth draws" -- The cormorants of Andvær -- Isaac and the parson of Brönö -- The wind-gnome -- The huldrefish -- Finn blood -- The homestead westward in the blue mountains -- "It's me!"
506 _aPublic domain in the USA.
516 _aElectronic text
653 _aSea stories, Danish -- Translations into English
653 _aFantasy fiction, Danish -- Translations into English
700 1 _aBain, R. Nisbet
_q(Robert Nisbet),
_d1854-1909
700 1 _aHousman, Laurence,
_d1865-1959
830 0 _aProject Gutenberg
_v13508
856 4 0 _uhttp://www.gutenberg.org/ebooks/13508
942 _cEB
999 _c242763
_d242763